| 000 | 00456nam a2200157 a 4500 | ||
|---|---|---|---|
| 005 | 20140414131954.0 | ||
| 008 | 040603s19uu xx 00 eng d | ||
| 020 | _a0-02-181233-0 | ||
| 050 |
_aTR 415 _bG76 1997 |
||
| 245 |
_aGrammar mini-lessons : _bgrade 2. |
||
| 260 |
_aNew York : _bMacmillan / McGraw-Hill, _c1997. |
||
| 300 | _aiv p. ; 89 cm. | ||
| 440 | _aSpotlight on Literacy | ||
| 650 |
_aEnglish language _xStudy and teaching. |
||
| 999 |
_c112874 _d112874 |
||